TH-MS-Pharmacological Effects of Syzygium aromaticum Extract on AICI3 Induced Oxidative Stress in Mice Brain (Record no. 480897)
[ view plain ]
| 000 -LEADER | |
|---|---|
| fixed length control field | 00593nam a22001817a 4500 |
| 003 - CONTROL NUMBER IDENTIFIER | |
| control field | ASAB |
| 005 - DATE AND TIME OF LATEST TRANSACTION | |
| control field | 20200206101957.0 |
| 008 - FIXED-LENGTH DATA ELEMENTS--GENERAL INFORMATION | |
| fixed length control field | 180514t xxu||||| |||| 00| 0 eng d |
| 038 ## - RECORD CONTENT LICENSOR | |
| Staff Name | Mian Adnan |
| 040 ## - CATALOGING SOURCE | |
| Transcribing agency | ASAB |
| 082 ## - DEWEY DECIMAL CLASSIFICATION NUMBER | |
| Classification number | 020 |
| 100 ## - MAIN ENTRY--PERSONAL NAME | |
| Personal name | Sanila Amber-sup-Dr. Saadia Zahid |
| 9 (RLIN) | 13893 |
| 245 ## - TITLE STATEMENT | |
| Title | TH-MS-Pharmacological Effects of Syzygium aromaticum Extract on AICI3 Induced Oxidative Stress in Mice Brain |
| Statement of responsibility, etc. | Sanila Amber-sup-Dr. Saadia Zahid |
| 260 ## - PUBLICATION, DISTRIBUTION, ETC. | |
| Place of publication, distribution, etc. | Islamabad |
| Name of publisher, distributor, etc. | ASAB NUST |
| Date of publication, distribution, etc. | 2014 |
| 300 ## - PHYSICAL DESCRIPTION | |
| Extent | xiii, 77 P |
| Other physical details | 30 cm |
| 630 ## - SUBJECT ADDED ENTRY--UNIFORM TITLE | |
| Uniform title | Virology and Immunology |
| 9 (RLIN) | 13894 |
| 942 ## - ADDED ENTRY ELEMENTS (KOHA) | |
| Source of classification or shelving scheme | |
| Koha item type | Thesis |
| Withdrawn status | Lost status | Source of classification or shelving scheme | Damaged status | Not for loan | Permanent Location | Current Location | Date acquired | Total Checkouts | Full call number | Barcode | Date last seen | Price effective from | Koha item type | Shelving location |
|---|---|---|---|---|---|---|---|---|---|---|---|---|---|---|
| Atta-ur-Rahman School of Applied Biosciences (ASAB) | Atta-ur-Rahman School of Applied Biosciences (ASAB) | 05/14/2018 | Thesis 2014 SA | ASABms-24-14 | 05/14/2018 | 05/14/2018 | Thesis | |||||||
| Central Library (CL) | Central Library (CL) | 02/03/2020 | 660.01 | CL-T-4889 | 02/03/2020 | 02/03/2020 | Thesis | Thesis |
